Morelos : genio militar : homenaje al héroe en el bicentenario de su natalicio /

Na minha lista:
Detalhes bibliográficos
Formato: Livro
Idioma:espanhol
Assuntos:
Tags: Adicionar Tag
Sem tags, seja o primeiro a adicionar uma tag!

MARC

LEADER 00000nam^a2200000^a^4500
001 000128386
005 20250521000000.0
009 20260310094834.277
037 |a Acervo ITESO - Biblioteca 
041 |a ESP 
082 |a 972. 0322  |b MOR 
245 0 0 |a Morelos :  |b genio militar : homenaje al héroe en el bicentenario de su natalicio / 
264 |a México :  |b Sociedad de Nicolaitas Ex Alumnos de la Universidad Michoacana,  |c 1965 
300 |a 24 p. 
336 |a texto  |b txt  |2 rdacontenido 
337 |a sin mediación  |b n  |2 rdamedio 
338 |a volumen  |b nc  |2 rdasoporte 
649 |a XX 
650 |a Independentistas Mexicanos -  |x Homenajes 
650 |a Revolucionarios Mexicanos -  |x Homenajes 
650 |a Políticos Mexicanos -  |x Homenajes 
650 |a Política -  |z México -  |x Historia -  |y Guerra de Independencia, 1810-1821 
650 |a Política -  |z México -  |x Historia -  |y Virreinato, 1535-1821 
650 |a Política -  |z México -  |x Historia -  |y Epoca Colonial, 1517-1821 
650 |a México -  |x Historia -  |y Guerra de Independencia, 1810-1821 
650 |a México -  |x Historia -  |y Virreinato, 1535-1821 
650 |a México -  |x Historia -  |y Epoca Colonial, 1517-1821 
910 |a Fondo Salvador Reynoso Reynoso 
920 |a Impresos - Libros 
930 |a Fondos Especiales 
905 |a 112 
901 |a 0800010210  |b IT2  |c ESP  |u 20250521 
902 |a https://opac.biblio.iteso.mx/vufind/Record/000128386